LIBRARY & INFORMATION CENTRE, KCAET, TAVANUR

ONLINE PUBLIC ACCESS CATALOGUE (OPAC)

Samskritha our auskha sahithya / (Record no. 3642)

MARC details
000 -LEADER
fixed length control field 00423cam a2200169ua 4500
041 ## - LANGUAGE CODE
Language code of text/sound track or separate title hin
082 ## - DEWEY DECIMAL CLASSIFICATION NUMBER
Classification number 891.43
Item number SHA/SA
100 ## - MAIN ENTRY--AUTHOR NAME
Personal name Shanthikumar, Nannu .
245 ## - TITLE STATEMENT
Title Samskritha our auskha sahithya /
260 ## - PUBLICATION, DISTRIBUTION, ETC. (IMPRINT)
Place of publication Delhi :
Name of publisher Rajkamal Prakash ,
Year of publication 1928.
300 ## - PHYSICAL DESCRIPTION
Number of Pages 230 ; .
942 ## - ADDED ENTRY ELEMENTS (KOHA)
Koha item type Books
Holdings
Withdrawn status Lost status Damaged status Home library Current library Date acquired Full call number Accession Number Koha item type
Withdrawn     KAUAET Sanskrit University 07/04/2012 891.43 2217 Books
free website counter